000 00798nam a2200265 a 4500
008
020 _a087150359X (pbk.)
049 _aMAIN
090 _aQA276.4
100 1 _aRyan, Thomas A.
245 1 0 _aMinitab student handbook /
_cThomas A. Ryan, Brian L. Joiner, Barbara F. Ryan.
260 _aBoston, Mass. :
_bPWS Publishers,
_cc1976.
300 _aix, 341 p. ;
_c24 cm.
504 _aIncludes bibliographical references.
500 _aIncludes index.
650 0 _aEducation
_xData processing.
650 0 _aMinitab (Computer system).
700 1 _aJoiner, Brian L.
700 1 _aRyan, Barbara F.
907 _a.b10046914
_b21-10-03
_c17-04-03
003
005 20230123133219.0
040 _cNUST
942 _cBOOKS
_kQA276.4
999 _c144693
_d144693